| 000 | 04729cam a22012854i 4500 | ||
|---|---|---|---|
| 003 | PE-LiUPU | ||
| 005 | 20250813185606.0 | ||
| 008 | 150706s r 000 0 d | ||
| 020 | _a9788480863872 | ||
| 035 | _a(Sirsi) i9788480863872 | ||
| 040 |
_aPE-LiUPU _bspa _cPE-LiUPU _erda |
||
| 049 | _aPRUA | ||
| 082 | 0 | 4 |
_a362.11 _bG6 _221 |
| 245 | 0 | 1 |
_aGobierno clínico y gestión eficiente : _bcómo cumplir la agenda de modernización / _cdirigido por Sharon Pickering, Jeannette Thompson ; [traducción y producción editorial, Gea Consultoría Editorial, S.L.] . |
| 264 | 1 |
_aBarcelona : _bElsevier, _c2010. |
|
| 300 |
_a300 páginas ; _c25 cm. |
||
| 336 |
_atext _2rdacontent |
||
| 337 |
_aunmediated _2rdamedia |
||
| 338 |
_avolume _2rdacarrier |
||
| 500 | _aTítulo oríginal: Clinical governance and best value . | ||
| 505 | 0 | _aContexto político de la prestación asistencial -- Gobierno clínico y gestión eficiente: perspectiva del usuario -- Colaboración entre usuario del servicio y profesionales en la agenda de modernización -- Desarrollo e implementación de la mejor práctica -- Desarrollo de la mejor práctica -- Identificación de problemas -- Búsqueda, valoración, y uso de la evidencia de investigación en la práctica -- Auditoría: el principio y el fin del ciclo del cambio -- Responsabilidad y riesgo -- Responsabilidad y autorregulación profesional -- Riesgo, gobierno clínico y gestión eficiente: cómo recuperar la confianza en la asistencia sanitaria y social -- Enfoques estructurados para la prestación asistencial -- Asistencia estructurada -- Vías de asistencia integrada -- Evaluación y adaptación de guías clínicas para uso local: un marco conceptual -- Cultura organizativa y la agenda para el cambio -- Cultura organizativa -- Cómo conseguir el cambio -- Hacia el cambio y la mejora sostenibles. | |
| 526 | _aP202 | ||
| 526 | _aP201 | ||
| 526 | _aP163 | ||
| 526 | _aP162 | ||
| 526 | _aP161 | ||
| 526 | _aP160 | ||
| 526 | _aP148 | ||
| 526 | _aP147 | ||
| 526 | _aP146 | ||
| 526 | _aP145 | ||
| 526 | _aP144 | ||
| 526 | _aP143 | ||
| 526 | _aP142 | ||
| 526 | _aP141 | ||
| 526 | _aP140 | ||
| 526 | _aP139 | ||
| 526 | _aP138 | ||
| 526 | _aP137 | ||
| 526 | _aP136 | ||
| 526 | _aP135 | ||
| 526 | _aP134 | ||
| 526 | _aP133 | ||
| 526 | _aP129 | ||
| 526 | _aP128 | ||
| 526 | _aP127 | ||
| 526 | _aP120 | ||
| 526 | _aP119 | ||
| 526 | _aP118 | ||
| 526 | _aP116 | ||
| 526 | _aP115 | ||
| 526 | _aP114 | ||
| 526 | _aP110 | ||
| 526 | _aP109 | ||
| 526 | _aP108 | ||
| 526 | _aP104 | ||
| 526 | _aP103 | ||
| 526 | _aP102 | ||
| 526 | _aP99 | ||
| 526 | _aP98 | ||
| 526 | _aP97 | ||
| 526 | _aP96 | ||
| 526 | _aP95 | ||
| 526 | _aP93 | ||
| 526 | _aP90 | ||
| 526 | _aP89 | ||
| 526 | _aP88 | ||
| 526 | _aP83 | ||
| 526 | _aP82 | ||
| 526 | _aP62 | ||
| 526 | _aP59 | ||
| 526 | _aP58 | ||
| 526 | _aP57 | ||
| 526 | _aP51 | ||
| 526 | _aP49 | ||
| 526 | _aP48 | ||
| 526 | _aP47 | ||
| 526 | _aP29 | ||
| 526 | _aP24 | ||
| 526 | _aP20 | ||
| 526 | _aP19 | ||
| 526 | _aP17 | ||
| 526 | _aP15 | ||
| 526 | _aP14 | ||
| 526 | _aP12 | ||
| 526 | _aP10 | ||
| 526 | _aP09 | ||
| 526 | _aP08 | ||
| 526 | _aP07 | ||
| 526 | _aP06 | ||
| 526 | _aP05 | ||
| 526 | _aP04 | ||
| 526 | _aP01 | ||
| 541 | _g001-000002; | ||
| 541 | _g001-001183; | ||
| 541 | _g001-000072; | ||
| 650 | 0 | 4 |
_aServicios de salud _xGestión de la calidad. |
| 700 | 1 |
_aPickering, Sharon, _edir. |
|
| 700 | 1 |
_aThompson, Jeannette, _edir. . |
|
| 910 |
_agl _bjv _clch _d20110823 |
||
| 942 |
_2ddc _cBOOK |
||
| 949 |
_a362.11 G6 _wDEWEY _c1 _i63405 _lCCODEBUL1 _mBUL _p56.00 _r0 _sY _tBOOK _u2015-7-6 _xSALUD _PP22 _o.STAFF. Colección General |
||
| 949 |
_a362.11 G6 _wDEWEY _c2 _i64603 _lCCODEBUL1 _mBUL _p109.00 _r0 _sY _tBOOK _u2015-7-6 _xSALUD _PP22 _o.STAFF. Colección General |
||
| 949 |
_a362.11 G6 _wDEWEY _c3 _i66150 _lCCODEBUL1 _mBUL _p72.00 _r0 _sY _tBOOK _u2015-7-6 _xSALUD _PP22 _o.STAFF. Colección General |
||
| 994 |
_aC0 _bPEPRU |
||
| 596 | _a1 | ||
| 999 |
_a362.11 G6 _wDEWEY _c52364 _i63405 _f2019-12-10 _g4 _lDISCARD _mBUL _p56.00 _r1 _sY _tBOOK _u2015-7-6 _xSALUD _PP22 _0COMPRA _o.STAFF. Colección General _d52364 |
||
| 999 |
_a362.11 G6 _wDEWEY _c2 _i64603 _f2019-12-10 _g4 _lDISCARD _mBUL _p109.00 _r1 _sY _tBOOK _u2015-7-6 _xSALUD _PP22 _0COMPRA _o.STAFF. Colección General |
||
| 999 |
_a362.11 G6 _wDEWEY _c3 _i66150 _f2021-11-3 _g5 _lCCODEBUL1 _mBUL _p72.00 _r0 _sY _tBOOK _u2015-7-6 _xSALUD _PP22 _0COMPRA _o.STAFF. Colección General |
||
| 980 |
_81 _gALBERTO SANCHEZ Responsable de Automatización |
||